00217nam a2200097Ia 4500008004100000041000800041082001200049100001600061245003300077260000900110240625s9999 xx 000 0 und d aeng a420 DEL aDELLAR HUGH aINNOVATIONS PRE INTERMEDIATE c2005